000 00750nam a2200229Ia 4500
001 8796
003 GE_BSU
008 181216s||||||||xx |||||||||||||| ||und||
040 _cGE_BSU
080 _a821.353.1–32
100 _aკაკუშაძე,ნოე
245 _aწიგნის სასახლე
245 _bმოთხრობები
245 _cრედ:ილია ხოშტარია;მხატვ:.ომარ მესხი
260 _aთბილისი
260 _bსაბჭოთა საქართველო
260 _c1970
300 _a282გვ.20სმ.
653 _aმოთხრობები
653 _aწიგნის სასახლე
942 _cBK
999 _c42105
_d42105